00578nam a22001337a 4500008004100000040005500041080002200096245014500118260003900263300001100302500010500313650001400418653001200432230713b |||||||| |||| 00| 0 eng d aNational Science LibrarycNational Science Library a620.91(063)bK3.2 aProceedings of the United Nations conference on new sources of energy solar energy, wind power and geothermal energy Rome, 21-31 August 1961 aNew York: bUnited Nations, c1964 a218p.  aVol.2 (Geothermal energy I) Vol.3 (Geothermal energy II) Vol.5 (Solar energy II) Vol.7 (Wind power)  aGeography aEnergy